Rizikový kapitál vo vyspelých trhových ekonomikách a v Slovenskej republike dizertačná práca

Na minha lista:
Detalhes bibliográficos
Autor principal: Kopkáš, Peter
Autor Corporativo: Národohospodárska fakulta EU. Katedra hospodárskej politiky
Outros Autores: Moravčík, Alexander
Formato: Livro
Idioma:eslovaco
Publicado em: Bratislava 2006
Assuntos:
Tags: Adicionar Tag
Sem tags, seja o primeiro a adicionar uma tag!

MARC

LEADER 00000nam$a2200000$$$4500
001 0054856
005 20240104135408.7
041 0 |a slo 
044 |a SK 
245 1 0 |a Rizikový kapitál vo vyspelých trhových ekonomikách a v Slovenskej republike  |b dizertačná práca  |c Peter Kopkáš ; školiteľ: Alexander Moravčík 
264 1 |a Bratislava  |c 2006 
300 |a 197 s. 
610 2 0 |a kapitál rizikový 
610 2 0 |a krajiny vyspelé 
610 2 0 |a Slovensko 
610 2 0 |a podpory 
610 2 0 |a investície kapitálové 
610 2 0 |a prostredie podnikateľské 
100 1 |a Kopkáš, Peter 
700 1 |a Moravčík, Alexander 
710 2 |a Národohospodárska fakulta EU. Katedra hospodárskej politiky